Criminology today / (Record no. 4650)
[ view plain ]
| 000 -LEADER | |
|---|---|
| fixed length control field | 00845pam a2200169 a 4500 |
| 020 ## - INTERNATIONAL STANDARD BOOK NUMBER | |
| ISBN | 0132918242 |
| 050 00 - CALL NUMBER | |
| Classification number | HV6025 |
| Item number | .S346 |
| 100 1# - AUTHOR | |
| Personal name | Schmalleger, Frank. |
| 245 10 - TITLE | |
| Title | Criminology today / |
| Statement of responsibility, etc | Frank Schmalleger. |
| 260 ## - PUBLICATION INFORMATION | |
| Place of publication | Englewood Cliffs, N.J. : |
| Name of publisher | Prentice Hall, |
| Year of publication | c1996. |
| 300 ## - DESCRIPTION | |
| Number of Pages | xx, 537 p : |
| Other physical details | ill. (some col.) ; |
| Dimensions | 26 cm. |
| 500 ## - NOTES | |
| General note | Includes index. |
| 505 ## - FORMATTED CONTENTS NOTE | |
| Table of Content | The crime picture --<br/>What is criminology? --<br/>Crime causation --<br/>Biological roots of behavior --<br/>Psychological and psychiatric foundations of criminal behavior --<br/>Crime in the modern world --<br/>Political realities and crime --<br/>White-collar and organized crime --<br/>Drug abuse and crime --<br/>Responding to criminal behavior --<br/>Criminology and social policy --<br/>Future directions in criminology. |
| 650 #0 - SUBJECTS | |
| Topical Term | Criminology. |
| 650 #0 - SUBJECTS | |
| Topical Term | Criminology |
| 942 ## - ADDED ENTRY ELEMENTS (KOHA) | |
| Koha item type | Books |
| Withdrawn status | Lost status | Collection code | Home library | Current library | Shelving location | Date acquired | Full call number | Accession Number | Koha item type |
|---|---|---|---|---|---|---|---|---|---|
| Reference | Methodist University Law Library | Methodist University Law Library | General Stacks | HV6025 .S346 | 1229 | Reference |